Les clubs de football à Londres - Statistiques

Statistiques générales
  • Ce quiz a été pris 2 761 fois
  • Le résultat moyen est 5 sur 11
Statistiques - réponses
Division Club % Correct
Premier League Chelsea
97%
Premier League Arsenal
96%
Premier League Tottenham
85%
Premier League Crystal Palace
51%
Premier League Fulham
50%
Championship Brentford
28%
Premier League West Ham United
24%
Championship Queens Park Rangers
20%
Championship Millwall
17%
League One Charlton
9%
National League Barnet
2%
Aucun quiz correspondant
Distribution des résultats
% des personnes avec chaque résultat
Percentile par nombre de réponses
Votre historique - résultats
Vous n’avez pas pris ce quiz